000 00646nam a2200193 a 4500
005 20240815063718.0
008 080521s1990 mx r 000 0 spa d
020 _a9681633482
035 _aUPN01000156099
049 _aCG
050 4 _aQL751
_bC3.2
100 1 _aCampan, Raymond
245 1 3 _aEl animal y su universo :
_bestudio dinámico del comportamiento /
_cRaymond Campan ; tr. Sergio Fernández Bravo.
260 _aMéxico :
_bFCE,
_cc1990.
300 _a244 p. :
_bil.
534 _pTitulo original:
_tL'animal et son univers. Etude dynamique du comportement
650 4 _aAnimales
_xHábitos y comportamiento
_91059
905 _aLibro
999 _c128213
_d128213